000 00644nam a2200229Ia 4500
003 OSt
005 20220928114154.0
006 a|||||r|||| 00| 0
007 ta
008 220927b |||||||| |||| 00| 0 eng d
024 _a43922
037 _cTextual
040 _aSDCL
_cSDCL
_beng
041 _2eng
_aeng
082 _aV25258'M, P1
100 _aSharar Abdul Halim
245 0 _aLucknow omnibus
_b The last phase of an oriental culture
260 _aNew Delhi
_bOxford University Press
_c2001
300 _aviii,287p
_ccm.
942 _hV25258'M, P1
_cTEXL
_2CC
999 _c753237
_d753237